[Event "Titled Tuesday intern op 05th Sep Early"]
[Site "Chess.com INT"]
[Date "2023.09.05"]
[Round "4"]
[White "Shimanov, Aleksandr"]
[Black "Zhenetl, Roman"]
[Result "0-1"]
[WhiteElo "2566"]
[BlackElo "2435"]
[PlyCount "112"]
[EventDate "2023.09.05"]
[EventType "swiss (blitz)"]
[EventRounds "11"]
[EventCountry "USA"]
[SourceTitle "EXT 2024"]
[Source "ChessBase"]
[SourceDate "2023.10.10"]
[SourceVersion "1"]
[SourceVersionDate "2023.10.10"]
[SourceQuality "1"]

1. d4 g6 2. Nf3 Bg7 3. e4 c6 4. h3 d5 5. exd5 cxd5 6. c3 Nc6 7. Bf4 Nf6 8. Nbd2 0-0 9. Be2 Nh5 10. Bh2 Bh6 11. 0-0 Nf4 12. Bb5 Bd7 13. Re1 a6 14. Bf1 Rc8 15. Nb3 Ne6 16. a4 Na5 17. Ne5 Nc4 18. Nxc4 dxc4 19. Nd2 b5 20. axb5 axb5 21. Nf3 Bc6 22. Ne5 Bd5 23. Ng4 Bg7 24. Ne3 Nc7 25. Ra7 e6 26. Be2 Bc6 27. Bf3 Nd5 28. Bxd5 Bxd5 29. Be5 Ra8 30. Qa1 Rxa7 31. Qxa7 Qa8 32. Ra1 Qc6 33. Bxg7 Kxg7 34. Qe7 Qe8 35. Qg5 Qd8 36. Qg3 h5 37. Ra7 Qf6 38. h4 b4 39. Ra6 Rd8 40. Rb6 b3 41. Ra6 Qe7 42. Qe5+ Qf6 43. Qxf6+ Kxf6 44. f4 Ke7 45. Kf2 Rc8 46. Ra7+ Kf6 47. Rd7 Ra8 48. Rd6 Ke7 49. Rb6 Ra2 50. f5 gxf5 51. Kg3 Rxb2 52. Kf4 Rf2+ 53. Kg3 Re2 54. Kf4 b2 55. Rb4 Be4 56. d5 Rxe3 0-1

[Event "Titled Tuesday intern op 05th Sep Early"]
[Site "Chess.com INT"]
[Date "2023.09.05"]
[Round "5"]
[White "Vokhidov, Shamsiddin"]
[Black "Zhenetl, Roman"]
[Result "1/2-1/2"]
[WhiteElo "2578"]
[BlackElo "2435"]
[PlyCount "130"]
[EventDate "2023.09.05"]
[EventType "swiss (blitz)"]
[EventRounds "11"]
[EventCountry "USA"]
[SourceTitle "EXT 2024"]
[Source "ChessBase"]
[SourceDate "2023.10.10"]
[SourceVersion "1"]
[SourceVersionDate "2023.10.10"]
[SourceQuality "1"]

1. e4 e6 2. d4 d5 3. Nc3 Bb4 4. exd5 exd5 5. Bd3 Nc6 6. Nf3 Nge7 7. 0-0 Bg4 8. h3 Bh5 9. a3 Bxc3 10. bxc3 Bg6 11. Re1 0-0 12. a4 Re8 13. Ba3 Nf5 14. Qd2 Qd7 15. Bb5 f6 16. c4 a6 17. cxd5 Rxe1+ 18. Rxe1 axb5 19. dxc6 bxc6 20. a5 Bf7 21. Bb4 Bd5 22. Nh2 Nd6 23. Qf4 h5 24. Nf1 Nf5 25. Ng3 Nxg3 26. Qxg3 Re8 27. Rxe8+ Qxe8 28. a6 Qa8 29. Be7 Kf7 30. Qa3 c5 31. Qxc5 Bxg2 32. Qxc7 Be4 33. a7 Qd5 34. Bd6+ Kg8 35. Bg3 Kh7 36. Qc5 Qxc5 37. dxc5 g5 38. h4 Kg6 39. Kf1 Kf5 40. Ke2 Kg4 41. Ke3 Ba8 42. hxg5 fxg5 43. Bd6 h4 44. f4 gxf4+ 45. Bxf4 Kf5 46. Bh2 Ke6 47. Kd4 Kd7 48. Kc3 Bc6 49. Kb4 Kc8 50. Ka5 Kb7 51. a8Q+ Kxa8 52. Kb6 Be4 53. c3 Bd3 54. c6 Bf5 55. Bf4 h3 56. Bg3 Bg4 57. Be5 Be2 58. Kc7 Ka7 59. Kd8 Kb6 60. c7 Bg4 61. c8Q Bxc8 62. Kxc8 b4 63. cxb4 Kb5 64. Bd6 h2 65. Bxh2 Kxb4 1/2-1/2

[Event "Titled Tuesday intern op 05th Sep Early"]
[Site "Chess.com INT"]
[Date "2023.09.05"]
[Round "6"]
[White "Zhenetl, Roman"]
[Black "Oparin, Grigoriy"]
[Result "0-1"]
[WhiteElo "2435"]
[BlackElo "2681"]
[PlyCount "98"]
[EventDate "2023.09.05"]
[EventType "swiss (blitz)"]
[EventRounds "11"]
[EventCountry "USA"]
[SourceTitle "EXT 2024"]
[Source "ChessBase"]
[SourceDate "2023.10.10"]
[SourceVersion "1"]
[SourceVersionDate "2023.10.10"]
[SourceQuality "1"]

1. Nf3 Nf6 2. g3 c5 3. Bg2 Nc6 4. 0-0 e5 5. c4 d5 6. cxd5 Nxd5 7. Nc3 Nc7 8. b3 Be7 9. Bb2 0-0 10. Rc1 Bd7 11. e3 Ne6 12. Nd5 Bd6 13. d4 cxd4 14. exd4 exd4 15. Nxd4 Ncxd4 16. Bxd4 Nxd4 17. Qxd4 Be6 18. Rfd1 Ba3 19. Rb1 Bf5 20. Be4 Bxe4 21. Qxe4 Re8 22. Qf3 Bf8 23. Rd3 Rc8 24. Rbd1 Qa5 25. a4 Rc6 26. Kg2 Qc5 27. Rc3 Qd6 28. Rxc6 Qxc6 29. Nf4 Qc7 30. Qd5 Rc8 31. Rd3 g6 32. h4 Bh6 33. Ne2 Bg7 34. Ng1 h5 35. Nf3 Bf6 36. Qd7 Kg7 37. Ng5 Qc6+ 38. Qxc6 Rxc6 39. Ne4 Rb6 40. Rd7 Rxb3 41. Nd6 Kg8 42. Rxf7 Be5 43. Rxb7 Rxb7 44. Nxb7 Kf7 45. Nd8+ Kf6 46. Nc6 a6 47. Nxe5 Kxe5 48. Kf3 Kd4 49. g4 a5 0-1

[Event "Titled Tuesday intern op 22nd Aug Early"]
[Site "Chess.com INT"]
[Date "2023.08.22"]
[Round "7"]
[White "Zhenetl, Roman"]
[Black "Maltsevskaya, Aleksandra"]
[Result "1-0"]
[WhiteElo "2435"]
[BlackElo "2386"]
[PlyCount "147"]
[EventDate "2023.08.22"]
[EventType "swiss (blitz)"]
[EventRounds "11"]
[EventCountry "USA"]
[SourceTitle "EXT 2024"]
[Source "ChessBase"]
[SourceDate "2023.10.10"]
[SourceVersion "1"]
[SourceVersionDate "2023.10.10"]
[SourceQuality "1"]

1. Nf3 Nf6 2. g3 g6 3. Bg2 Bg7 4. 0-0 0-0 5. c4 d6 6. Nc3 Nbd7 7. b3 e5 8. Bb2 a5 9. e3 Nc5 10. d4 exd4 11. Nxd4 a4 12. b4 a3 13. Bc1 Ne6 14. Qb3 Ng4 15. h3 Ne5 16. Nce2 c5 17. Nb5 cxb4 18. Bd2 Nc5 19. Qxb4 Ra4 20. Qb1 Bf5 21. Qd1 Rxc4 22. Nxa3 Ra4 23. Nb5 Bd3 24. Nbd4 Nc6 25. Bc3 Nxd4 26. exd4 Bxe2 27. Qxe2 Bxd4 28. Bxd4 Rxd4 29. Rab1 Re8 30. Qb5 Rd2 31. a4 Ree2 32. Bf3 Re5 33. Bxb7 Qf6 34. Rb2 Ree2 35. Rxd2 Rxd2 36. Bc6 Qd4 37. a5 Nd3 38. Qb6 Qxb6 39. axb6 Rb2 40. b7 Nc5 41. Re1 Kg7 42. Re8 Nxb7 43. Rb8 Rc2 44. Bxb7 Rb2 45. Kg2 h5 46. Kf3 g5 47. g4 hxg4+ 48. hxg4 Kf6 49. Ke3 Rb3+ 50. Kd4 Rb2 51. f3 Rb4+ 52. Kd5 Ke7 53. Kc6 Rb3 54. Kc7 Rc3+ 55. Bc6 d5 56. Rb1 Rxf3 57. Bxd5 Rf4 58. Re1+ Kf6 59. Rg1 Ke5 60. Bb3 f5 61. gxf5 Kxf5 62. Kd6 g4 63. Be6+ Kg5 64. Ke5 Rb4 65. Bd5 Rb2 66. Bf3 Rb5+ 67. Kd4 Rb4+ 68. Kc5 Rf4 69. Bd5 Kh4 70. Rh1+ Kg5 71. Kd6 g3 72. Ke5 Rf5+ 73. Kd4 Rf2 74. Ke3 1-0

[Event "Titled Tuesday intern op 08th Aug Early"]
[Site "Chess.com INT"]
[Date "2023.08.08"]
[Round "5"]
[White "Domingo Nunez, Ruben"]
[Black "Zhenetl, Roman"]
[Result "1-0"]
[WhiteElo "2420"]
[BlackElo "2435"]
[PlyCount "105"]
[EventDate "2023.08.08"]
[EventType "swiss (blitz)"]
[EventRounds "11"]
[EventCountry "USA"]
[SourceTitle "EXT 2024"]
[Source "ChessBase"]
[SourceDate "2023.10.10"]
[SourceVersion "1"]
[SourceVersionDate "2023.10.10"]
[SourceQuality "1"]

1. Nf3 g6 2. g3 Bg7 3. Bg2 c5 4. 0-0 Nc6 5. c4 e6 6. Nc3 Nge7 7. Rb1 0-0 8. a3 b6 9. b4 d6 10. Qa4 Bb7 11. Bb2 Qd7 12. Ne4 f6 13. Bc3 f5 14. Neg5 h6 15. Nh3 g5 16. Bxg7 Kxg7 17. Ne1 Rfd8 18. Qd1 Ne5 19. d3 N7g6 20. f4 Nf7 21. fxg5 hxg5 22. e4 Rh8 23. exf5 exf5 24. Nf2 Bxg2 25. Nxg2 Nfe5 26. d4 cxd4 27. Qxd4 Qc6 28. Nd3 Rhf8 29. Ne3 f4 30. gxf4 gxf4 31. Nxf4 Nxf4 32. Rxf4 Rxf4 33. Qxf4 Rg8 34. Rb2 Nd3 35. Qd4+ Kf7+ 36. Rg2 Rxg2+ 37. Nxg2 Ne5 38. Qf4+ Ke6 39. Ne3 a5 40. Qf5+ Ke7 41. Nd5+ Ke8 42. Qe6+ Kd8 43. Qg8+ Kd7 44. Qg7+ Kd8 45. Qf8+ Kd7 46. Qg7+ Ke6 47. Qf6+ Kd7 48. Qf5+ Kd8 49. Qf6+ Kd7 50. b5 Qc5+ 51. Kg2 Qxc4 52. Qe7+ Kc8 53. Nxb6+ 1-0

[Event "Titled Tuesday intern op 08th Aug Early"]
[Site "Chess.com INT"]
[Date "2023.08.08"]
[Round "2"]
[White "Zhenetl, Roman"]
[Black "Ince, Taylan Ruzgar"]
[Result "1-0"]
[WhiteElo "2435"]
[BlackElo "2312"]
[PlyCount "99"]
[EventDate "2023.08.08"]
[EventType "swiss (blitz)"]
[EventRounds "11"]
[EventCountry "USA"]
[SourceTitle "EXT 2024"]
[Source "ChessBase"]
[SourceDate "2023.10.10"]
[SourceVersion "1"]
[SourceVersionDate "2023.10.10"]
[SourceQuality "1"]

1. Nf3 Nf6 2. g3 c5 3. Bg2 g6 4. 0-0 Bg7 5. c4 0-0 6. Nc3 d5 7. cxd5 Nxd5 8. d3 Nc6 9. Nxd5 Qxd5 10. Be3 Qd6 11. Rc1 Nd4 12. Bxd4 cxd4 13. Nd2 Rb8 14. Ne4 Qa6 15. a3 b6 16. Qb3 Qa5 17. Rc7 Be6 18. Qb4 Qxb4 19. axb4 a5 20. b5 Rfc8 21. Rfc1 Bf8 22. Nd2 Bh6 23. f4 g5 24. Rxc8+ Bxc8 25. Rc7 gxf4 26. Nc4 fxg3 27. hxg3 Be6 28. Rxe7 Bf8 29. Rc7 Bc5 30. Kh2 Bxc4 31. dxc4 Re8 32. Bf3 Kg7 33. Kh3 Kg6 34. Bd5 Rxe2 35. Bxf7+ Kf6 36. b3 Re3 37. Bh5 Rxb3 38. Rxh7 a4 39. Bd1 Rb4 40. Ra7 Rxc4 41. Rxa4 Rc1 42. Bf3 d3 43. Rf4+ Ke5 44. Re4+ Kf5 45. g4+ Kg5 46. Kg3 Rg1+ 47. Kh2 d2 48. Re5+ Kf4 49. Rf5+ Ke3 50. Kxg1 1-0

[Event "Titled Tuesday intern op 08th Aug Early"]
[Site "Chess.com INT"]
[Date "2023.08.08"]
[Round "4"]
[White "Zhenetl, Roman"]
[Black "Pranesh, M."]
[Result "0-1"]
[WhiteElo "2435"]
[BlackElo "2503"]
[PlyCount "220"]
[EventDate "2023.08.08"]
[EventType "swiss (blitz)"]
[EventRounds "11"]
[EventCountry "USA"]
[SourceTitle "EXT 2024"]
[Source "ChessBase"]
[SourceDate "2023.10.10"]
[SourceVersion "1"]
[SourceVersionDate "2023.10.10"]
[SourceQuality "1"]

1. Nf3 Nf6 2. g3 g6 3. Bg2 Bg7 4. 0-0 0-0 5. c4 c6 6. Nc3 d5 7. cxd5 cxd5 8. d4 Nc6 9. Bf4 Ne4 10. Rc1 Bf5 11. Ne5 Nxe5 12. Bxe5 Bxe5 13. dxe5 Nxc3 14. bxc3 e6 15. c4 dxc4 16. Qxd8 Raxd8 17. e4 Bg4 18. f3 b5 19. fxg4 Rd2 20. Rf2 Rfd8 21. Rc2 Rd1+ 22. Bf1 Rb1 23. Rfd2 Rxd2 24. Rxd2 c3 25. Rc2 b4 26. Kf2 a5 27. Bb5 Rd1 28. Ke3 Kg7 29. g5 Rd8 30. Bd3 a4 31. a3 b3 32. Rxc3 b2 33. Bc2 Rd1 34. Ke2 b1Q 35. Bxb1 Rxb1 36. h4 h5 37. Kd3 Rb5 38. Kd4 Rb1 39. Re3 Rc1 40. Rd3 Rc7 41. Rc3 Rb7 42. Kc5 Rb1 43. Kc4 Rb7 44. Kc5 Rb3 45. Kd4 Rb1 46. Rc4 Rb3 47. Rxa4 Rxg3 48. Ra8 Rh3 49. a4 Rxh4 50. a5 Rh1 51. Kc5 h4 52. Rd8 h3 53. Rd2 h2 54. Rc2 Ra1 55. Rxh2 Rxa5+ 56. Kd6 Ra6+ 57. Ke7 Ra7+ 58. Ke8 Ra8+ 59. Ke7 Ra7+ 60. Ke8 Kg8 61. Rf2 Rb7 62. Rd2 Rb5 63. Ke7 Rxe5 64. Kf6 Rxe4 65. Rd8+ Kh7 66. Kxf7 Re5 67. Rd7 Rxg5 68. Kxe6+ Kh6 69. Rd8 Ra5 70. Rh8+ Kg5 71. Rh1 Rf5 72. Rg1+ Kh6 73. Rh1+ Kg7 74. Rg1 Rf8 75. Ke5 Rf2 76. Ke4 Kf6 77. Ke3 Rf5 78. Rg2 Kg7 79. Rg1 Rf8 80. Ke4 Rf5 81. Rg2 Kh6 82. Rh2+ Rh5 83. Rg2 Rf5 84. Rh2+ Kg5 85. Rg2+ Kf6 86. Rg1 g5 87. Ra1 Rf4+ 88. Ke3 Kf5 89. Rg1 g4 90. Ra1 Rf3+ 91. Ke2 Kf4 92. Ra8 Kg3 93. Rg8 Rf7 94. Ke1 Kh3 95. Rh8+ Kg2 96. Rg8 g3 97. Ke2 Re7+ 98. Kd2 Kh2 99. Rh8+ Kg1 100. Rf8 g2 101. Rh8 Re6 102. Kd3 Kf2 103. Rf8+ Kg1 104. Rh8 Re5 105. Kd4 Re7 106. Kd3 Re6 107. Kd2 Re5 108. Kd3 Kf2 109. Kd4 Rg5 110. Rf8+ Kg3 0-1

[Event "Titled Tuesday intern op 01st Aug Early"]
[Site "Chess.com INT"]
[Date "2023.08.01"]
[Round "7"]
[White "Zhenetl, Roman"]
[Black "Ardelean, George Catalin"]
[Result "1-0"]
[WhiteElo "2435"]
[BlackElo "2447"]
[PlyCount "37"]
[EventDate "2023.08.01"]
[EventType "swiss (blitz)"]
[EventRounds "11"]
[EventCountry "USA"]
[SourceTitle "EXT 2024"]
[Source "ChessBase"]
[SourceDate "2023.10.10"]
[SourceVersion "1"]
[SourceVersionDate "2023.10.10"]
[SourceQuality "1"]

1. Nf3 d5 2. g3 b6 3. Bg2 Bb7 4. 0-0 e6 5. d3 Nd7 6. Nbd2 Ngf6 7. e4 dxe4 8. Ng5 Qc8 9. Ngxe4 Be7 10. b3 0-0 11. Bb2 Rd8 12. Qe2 c5 13. f4 g6 14. g4 Re8 15. f5 exf5 16. gxf5 Nd5 17. Qf3 g5 18. f6 Bf8 19. Nxg5 1-0

[Event "Titled Tuesday intern op 16th May Early"]
[Site "Chess.com INT"]
[Date "2023.05.16"]
[Round "3"]
[White "Zhenetl, Roman"]
[Black "Gheorghiu, Calin"]
[Result "0-1"]
[WhiteElo "2435"]
[BlackElo "2313"]
[PlyCount "82"]
[EventDate "2023.05.16"]
[EventType "swiss (blitz)"]
[EventRounds "11"]
[EventCountry "USA"]
[SourceTitle "CBM 214 Extra"]
[Source "ChessBase"]
[SourceDate "2023.07.31"]
[SourceVersion "1"]
[SourceVersionDate "2023.07.31"]
[SourceQuality "1"]

1. Nf3 d5 2. g3 Nf6 3. Bg2 e6 4. 0-0 Be7 5. d3 0-0 6. Nbd2 c5 7. e4 Nc6 8. Re1 Qc7 9. e5 Nd7 10. Qe2 b5 11. h4 a5 12. h5 h6 13. Nf1 Re8 14. Bf4 a4 15. Ne3 Nd4 16. Nxd4 cxd4 17. Nxd5 exd5 18. e6 Qc6 19. exd7 Bxd7 20. Rac1 Bb4 21. Qf3 Rxe1+ 22. Rxe1 Bxe1 23. Be5 Bd2 24. Bxd4 Bg5 25. c3 Re8 26. Qd1 Qe6 27. Kf1 Qg4 28. Qxg4 Bxg4 29. Bxd5 Be2+ 30. Kg2 Bxd3 31. f4 Bf6 32. Bf2 Be4+ 33. Bxe4 Rxe4 34. Kf3 Re8 35. g4 Rd8 36. Ke2 a3 37. bxa3 Bxc3 38. Bc5 Rd2+ 39. Ke3 Rxa2 40. Kd3 Bb2 41. Ke4 Bxa3 0-1

[Event "Titled Tuesday intern op 16th May Early"]
[Site "Chess.com INT"]
[Date "2023.05.16"]
[Round "10"]
[White "Zhenetl, Roman"]
[Black "Yeletsky, Ivan"]
[Result "0-1"]
[WhiteElo "2435"]
[BlackElo "2494"]
[PlyCount "70"]
[EventDate "2023.05.16"]
[EventType "swiss (blitz)"]
[EventRounds "11"]
[EventCountry "USA"]
[SourceTitle "CBM 214 Extra"]
[Source "ChessBase"]
[SourceDate "2023.07.31"]
[SourceVersion "1"]
[SourceVersionDate "2023.07.31"]
[SourceQuality "1"]

1. Nf3 g6 2. e4 c5 3. Nc3 Bg7 4. d3 Nc6 5. Be3 d6 6. Qd2 Nf6 7. Bh6 0-0 8. h4 Bg4 9. Be2 Qa5 10. Bxg7 Kxg7 11. h5 Bxh5 12. 0-0-0 Nd4 13. Ng1 b5 14. Bxh5 b4 15. Bxg6 fxg6 16. Qh6+ Kf7 17. Nd5 Qxa2 18. Nxf6 Kxf6 19. Qh4+ Kf7 20. Qxh7+ Ke8 21. Qxg6+ Kd7 22. Nf3 Qa1+ 23. Kd2 Qxb2 24. Nxd4 cxd4 25. Qg4+ Kd8 26. Ke2 Qxc2+ 27. Rd2 Rxf2+ 28. Kxf2 Qxd2+ 29. Kg3 Kc7 30. Rh7 Re8 31. Kh2 Kb6 32. Qd7 Qf4+ 33. g3 Qf2+ 34. Kh3 Qf1+ 35. Kh2 Rf8 0-1

[Event "Titled Tuesday intern op 1st Jan"]
[Site "Chess.com INT"]
[Date "2019.01.01"]
[Round "10"]
[White "Zhenetl, Roman"]
[Black "Socko, Bartosz"]
[Result "1/2-1/2"]
[WhiteElo "2435"]
[BlackElo "2617"]
[PlyCount "152"]
[EventDate "2019.01.01"]
[EventType "swiss (blitz)"]
[EventRounds "10"]
[EventCountry "USA"]
[SourceTitle "EXT 2021"]
[Source "ChessBase"]
[SourceDate "2020.10.23"]
[SourceVersion "1"]
[SourceVersionDate "2020.10.23"]
[SourceQuality "1"]

1. Nf3 d5 2. g3 Nc6 3. d4 Bf5 4. Bg2 Nb4 5. Na3 e6 6. c3 Nc6 7. Qb3 Bxa3 8. Qxa3 Nf6 9. Qb3 Rb8 10. 0-0 Be4 11. Bh3 Bxf3 12. exf3 0-0 13. Re1 b5 14. Bg5 h6 15. Bf4 a5 16. a4 b4 17. Qc2 Ne8 18. Rad1 b3 19. Qe2 Nd6 20. Bxd6 Qxd6 21. f4 Ne7 22. Qh5 Qd7 23. Ra1 Kh7 24. Ra3 Rb6 25. Bf1 g6 26. Qd1 Rfb8 27. Bb5 c6 28. Bd3 Kg7 29. h4 h5 30. Re5 Nf5 31. Bxf5 exf5 32. Qe2 Qd6 33. Ra1 R6b7 34. Re1 Rd7 35. Kg2 c5 36. Rd1 Qc6 37. Kh2 Qxa4 38. dxc5 Qc6 39. Qe3 Rb5 40. Re8 Qf6 41. Rc8 Re7 42. Qd3 Rbb7 43. Qxd5 Rbc7 44. Rxc7 Rxc7 45. Qxb3 Rxc5 46. Rd5 Rxd5 47. Qxd5 Qb6 48. Qd4+ Qxd4 49. cxd4 Kf6 50. Kg2 Ke6 51. Kf3 Kd5 52. Ke3 Kc4 53. b3+ Kxb3 54. d5 a4 55. d6 a3 56. d7 a2 57. d8Q a1Q 58. Qb6+ Kc2 59. Qc6+ Qc3+ 60. Qxc3+ Kxc3 61. f3 Kc2 62. Ke2 f6 63. Ke3 Kd1 64. g4 Ke1 65. g5 fxg5 66. fxg5 Kf1 67. Kf4 Kg2 68. Ke5 Kxf3 69. Kf6 f4 70. Kxg6 Kg4 71. Kh6 f3 72. g6 f2 73. g7 f1Q 74. g8Q+ Kxh4 75. Qg5+ Kh3 76. Qxh5+ Kg2 1/2-1/2

[Event "Titled Tuesday intern op 1st Jan"]
[Site "Chess.com INT"]
[Date "2019.01.01"]
[Round "6"]
[White "Zhenetl, Roman"]
[Black "Van Foreest, Jorden"]
[Result "1-0"]
[WhiteElo "2435"]
[BlackElo "2612"]
[PlyCount "75"]
[EventDate "2019.01.01"]
[EventType "swiss (blitz)"]
[EventRounds "10"]
[EventCountry "USA"]
[SourceTitle "EXT 2021"]
[Source "ChessBase"]
[SourceDate "2020.10.23"]
[SourceVersion "1"]
[SourceVersionDate "2020.10.23"]
[SourceQuality "1"]

1. Nf3 d5 2. g3 Nc6 3. Bg2 e5 4. d3 g6 5. 0-0 Bg7 6. e4 Nge7 7. c3 0-0 8. Nbd2 h6 9. Re1 Kh7 10. Qb3 a5 11. exd5 a4 12. Qc2 Nxd5 13. Nc4 Re8 14. h4 Bf5 15. Rd1 Qf6 16. Ncd2 Bg4 17. Re1 Nb6 18. Rb1 Qe6 19. b4 axb3 20. axb3 Rad8 21. Ne4 Qd7 22. Nc5 Qd5 23. Ng5+ hxg5 24. Bxd5 Rxd5 25. b4 gxh4 26. gxh4 Bf3 27. Re3 Bh5 28. Nxb7 f5 29. Nc5 f4 30. Re4 Bf3 31. Bxf4 exf4 32. Rxe8 Rh5 33. Ne6 Bh6 34. Kf1 Rxh4 35. Ke1 Bg4 36. Qb3 Ne5 37. Ng5+ Bxg5 38. Qg8+ 1-0

[Event "Titled Tuesday intern op 2nd Oct"]
[Site "Chess.com INT"]
[Date "2018.10.02"]
[Round "10"]
[White "Narayanan, Sunilduth Lyna"]
[Black "Zhenetl, Roman"]
[Result "0-1"]
[WhiteElo "2573"]
[BlackElo "2435"]
[PlyCount "60"]
[EventDate "2018.10.02"]
[EventType "swiss (blitz)"]
[EventRounds "10"]
[EventCountry "USA"]
[SourceTitle "EXT 2021"]
[Source "ChessBase"]
[SourceDate "2020.10.23"]
[SourceVersion "1"]
[SourceVersionDate "2020.10.23"]
[SourceQuality "1"]

1. d4 f5 2. Bg5 g6 3. h4 Bg7 4. h5 h6 5. Bf4 g5 6. Be5 Nf6 7. Nc3 Nc6 8. Bxf6 Bxf6 9. e3 e6 10. g4 d5 11. Bb5 0-0 12. Nf3 fxg4 13. Nh2 e5 14. Bxc6 bxc6 15. Nxg4 exd4 16. exd4 Qe7+ 17. Kf1 Bg7 18. Ne5 Bxe5 19. dxe5 Qxe5 20. Qd2 Ba6+ 21. Kg1 Rae8 22. Rh3 d4 23. Na4 c5 24. Qa5 Bb7 25. Nxc5 Bc6 26. Qb4 Kh8 27. Rd1 Rf4 28. Rg3 Rh4 29. Rg2 Bxg2 30. Kxg2 Qh2+ 0-1

[Event "Krasnodar Kuban Winter"]
[Site "Krasnodar"]
[Date "2002.11.22"]
[Round "8"]
[White "Zhenetl, Roman"]
[Black "Gasanov, Eldar"]
[Result "1/2-1/2"]
[WhiteElo "2428"]
[BlackElo "2473"]
[PlyCount "20"]
[EventDate "2002.11.15"]
[EventType "tourn"]
[EventRounds "11"]
[EventCountry "RUS"]
[EventCategory "9"]
[SourceTitle "CBM 091 Extra"]
[Source "ChessBase"]
[SourceDate "2003.01.09"]
[SourceVersion "1"]
[SourceVersionDate "2003.01.09"]
[SourceQuality "1"]

1. e4 e5 2. Nf3 Nf6 3. Nxe5 d6 4. Nf3 Nxe4 5. Qe2 Qe7 6. d3 Nf6 7. Qxe7+ Bxe7 8. Nc3 Nc6 9. Bf4 Bf5 10. 0-0-0 0-0-0 1/2-1/2

[Event "Krasnodar3"]
[Site "Krasnodar"]
[Date "2001.??.??"]
[Round "?"]
[White "Malaniuk, Vladimir P"]
[Black "Zhenetl, Roman"]
[Result "1/2-1/2"]
[WhiteElo "2525"]
[BlackElo "2428"]
[PlyCount "108"]
[EventDate "2001.08.??"]
[EventType "tourn"]
[EventRounds "11"]
[EventCountry "RUS"]
[EventCategory "9"]
[SourceTitle "EXT 2002"]
[Source "ChessBase"]
[SourceDate "2001.11.25"]
[SourceVersion "1"]
[SourceVersionDate "2001.11.25"]
[SourceQuality "1"]

1. d4 d6 2. Nf3 Bg4 3. e4 Nf6 4. Nc3 e6 5. Be2 Be7 6. d5 e5 7. Nd2 Bxe2 8. Qxe2 c6 9. 0-0 0-0 10. a4 a5 11. Nc4 Na6 12. Rd1 c5 13. Bg5 Nc7 14. Bxf6 Bxf6 15. Ra3 Be7 16. Rb3 Ra7 17. Rd3 g6 18. Nb5 Ra6 19. Nba3 Ra7 20. g3 f5 21. Kg2 Ne8 22. Nb5 Ra6 23. Nc3 Qd7 24. Rf3 Bg5 25. Qd3 Rf7 26. Rb5 Bd8 27. Kf1 Nf6 28. Ne3 Qe8 29. Qc4 f4 30. gxf4 exf4 31. Rxf4 Qe5 32. Ne2 Ra7 33. h4 b6 34. Qc3 Qe8 35. Ng3 Qf8 36. Ng2 Nxd5 37. exd5 Rxf4 38. Nxf4 Qxf4 39. Qe3 Qc4+ 40. Qe2 Qxa4 41. c4 Re7 42. Qd3 Qa1+ 43. Kg2 Qe1 44. h5 Rf7 45. Qe3 Qxe3 46. fxe3 gxh5 47. Rb3 Rg7 48. Kh3 Rg4 49. e4 Rf4 50. Nf5 Rxe4 51. Rg3+ Kf8 52. Rf3 Kg8 53. Rg3+ Kf8 54. Rf3 Kg8 1/2-1/2

[Event "Krasnodar3"]
[Site "Krasnodar"]
[Date "2001.??.??"]
[Round "?"]
[White "Tseshkovsky, Vitaly"]
[Black "Zhenetl, Roman"]
[Result "1-0"]
[WhiteElo "2559"]
[BlackElo "2428"]
[PlyCount "81"]
[EventDate "2001.08.??"]
[EventType "tourn"]
[EventRounds "11"]
[EventCountry "RUS"]
[EventCategory "9"]
[SourceTitle "EXT 2002"]
[Source "ChessBase"]
[SourceDate "2001.11.25"]
[SourceVersion "1"]
[SourceVersionDate "2001.11.25"]
[SourceQuality "1"]

1. e4 d6 2. d4 Nf6 3. Nc3 e5 4. Nf3 Nbd7 5. Bc4 Be7 6. 0-0 0-0 7. a4 c6 8. Re1 a5 9. h3 exd4 10. Nxd4 Nc5 11. Bf4 Be6 12. Bf1 Qb6 13. Qf3 Rad8 14. Rad1 Qb4 15. Qe3 Qb6 16. g4 Rfe8 17. Qg3 Qb4 18. Bg2 Nxa4 19. Nxa4 Qxa4 20. c3 c5 21. Nxe6 fxe6 22. Bxd6 e5 23. Ra1 Qc2 24. Bxe5 Bf8 25. Bc7 Rd3 26. Qf4 Qb3 27. Qf5 Qe6 28. e5 Qxf5 29. gxf5 Nd5 30. Bxd5+ Rxd5 31. Rad1 Rxd1 32. Rxd1 Re7 33. Bd6 Rd7 34. Kg2 Bxd6 35. exd6 Kf7 36. Kf3 Kf6 37. Ke4 c4 38. Kd5 Kxf5 39. Re1 Kf6 40. Re8 h5 41. Rc8 1-0

[Event "Krasnodar3"]
[Site "Krasnodar"]
[Date "2001.??.??"]
[Round "?"]
[White "Zhenetl, Roman"]
[Black "Dashko, Andrey"]
[Result "1-0"]
[WhiteElo "2428"]
[BlackElo "2437"]
[PlyCount "65"]
[EventDate "2001.08.??"]
[EventType "tourn"]
[EventRounds "11"]
[EventCountry "RUS"]
[EventCategory "9"]
[SourceTitle "EXT 2002"]
[Source "ChessBase"]
[SourceDate "2001.11.25"]
[SourceVersion "1"]
[SourceVersionDate "2001.11.25"]
[SourceQuality "1"]

1. e4 c5 2. Nf3 Nc6 3. Bb5 g6 4. Bxc6 dxc6 5. Nc3 Bg7 6. d3 Nf6 7. Be3 b6 8. h3 0-0 9. Qd2 Re8 10. Bh6 e5 11. Bxg7 Kxg7 12. Ne2 Qd6 13. 0-0-0 Be6 14. Kb1 c4 15. Qe3 cxd3 16. Rxd3 Qb4 17. Ng3 Rad8 18. Rhd1 Rxd3 19. Rxd3 h6 20. b3 c5 21. Nxe5 c4 22. Rd4 Rc8 23. f4 Qc5 24. Qd2 c3 25. Qd1 a5 26. Nf3 a4 27. b4 Qc7 28. e5 Nd5 29. f5 Ne3 30. f6+ Kh7 31. Qc1 Ng4 32. hxg4 Rd8 33. Ng5+ 1-0

[Event "Krasnodar3"]
[Site "Krasnodar"]
[Date "2001.??.??"]
[Round "?"]
[White "Zhenetl, Roman"]
[Black "Zakhartsov, Viacheslav V"]
[Result "0-1"]
[WhiteElo "2428"]
[BlackElo "2484"]
[PlyCount "80"]
[EventDate "2001.08.??"]
[EventType "tourn"]
[EventRounds "11"]
[EventCountry "RUS"]
[EventCategory "9"]
[SourceTitle "EXT 2002"]
[Source "ChessBase"]
[SourceDate "2001.11.25"]
[SourceVersion "1"]
[SourceVersionDate "2001.11.25"]
[SourceQuality "1"]

1. e4 d6 2. d4 Nf6 3. Nc3 g6 4. g3 Bg7 5. Bg2 0-0 6. Nge2 e5 7. 0-0 Nc6 8. d5 Ne7 9. a4 c6 10. h3 cxd5 11. exd5 h5 12. a5 Nf5 13. Qd3 Bd7 14. a6 Qb6 15. axb7 Qxb7 16. Rd1 Rfc8 17. Qa6 Qc7 18. Bd2 Rcb8 19. b3 Nd4 20. Rac1 Rb6 21. Qa5 Qc8 22. Nxd4 exd4 23. Ne2 Bxh3 24. Bh1 Bg4 25. Re1 Nd7 26. Bf4 Qc5 27. Qxc5 Nxc5 28. Rcd1 Re8 29. Kf1 a5 30. Rd2 d3 31. cxd3 Nxb3 32. Ra2 Nc5 33. Be3 Rb5 34. d4 Nb3 35. Nc3 Rb7 36. Ne4 Rb6 37. Bf4 Kh8 38. f3 Bh3+ 39. Bg2 Bxg2+ 40. Kxg2 f5 0-1